000 00540nam a2200181Ia 4500
008 151213s9999 xx 000 0 und d
020 _a0-07-365914-2
082 _a658.4
_b658.4
100 _aGeorge A. Steinen John F.Steinen
245 _aBusiness Governmental Society : A Managerial Perspective
_cGeorge A. Steinen John F.Steinen
250 _a12th
260 _aBoston
_bIrwin Magraw - Hill
_c2000
300 _a9331 p.
650 _aManagement
650 _aManagement
700 _aGeorge A. Steinen John F.Steinen
999 _c4760
_d4760